Harry Potter D.A. Last Names - Statistics

General Stats
  • This quiz has been taken 770 times
  • The average score is 14 of 15
Answer Stats
Hint Answer % Correct
Hermione Granger
100%
Harry Potter
100%
Neville Longbottom
99%
Luna Lovegood
99%
Ron Weasley
99%
Ginny Weasley
99%
Fred Weasley
99%
George Weasley
99%
Cho Chang
98%
Colin Creevey
91%
Dennis Creevey
91%
Seamus Finnigan
91%
Hannah Abbott
89%
Justin Finch-Fletchley
73%
Michael Corner
69%
No matching quizzes found
Score Distribution
Percent of People with Each Score
Percentile by Number Answered
Your Score History
You have not taken this quiz